Sports Quiz

Random Sports or College Quiz

MIAC Colleges Quiz Stats

Quiz not verified by Sporcle

Challenge
Share
Tweet
Embed
Score 0/13 Timer 03:00
0 Plays Today
Founded College % Correct
1885University of St. Thomas Tommies
92.6%
1857Saint John's University Johnnies
91.8%
1874St. Olaf College Oles
82.2%
1862Gustavus Adolphus College Gusties
80.1%
1891Concordia College Cobbers
76.9%
1854Hamline University Pipers
75.3%
1866Carleton College Knights
71.6%
1913College of Saint Benedict Blazers
68.2%
1874Macalester College Scots
66.3%
1947Bethel University Royals
65.8%
1912Saint Mary's University Cardinals
53.1%
1905St. Catherine University Wildcats
51.2%
1869Augsburg College Auggies
34.2%

You're not logged in!

Compare scores with friends on all Sporcle quizzes.
Sign Up with Email
OR
Log In

You Might Also Like...

Show Comments

Extras

Top Quizzes Today


Score Distribution

Your Account Isn't Verified!

In order to create a playlist on Sporcle, you need to verify the email address you used during registration. Go to your Sporcle Settings to finish the process.